[Event "Tatry op"]
[Site "Tatranske Zruby"]
[Date "2010.10.05"]
[Round "5"]
[White "Vavra, Radim"]
[Black "Lachcina, Alojz"]
[Result "1/2-1/2"]
[WhiteElo "2064"]
[BlackElo "1877"]
[PlyCount "93"]
[EventDate "2010.10.02"]
[EventType "swiss"]
[EventRounds "9"]
[EventCountry "SVK"]
[SourceTitle "CBM 138 Extra"]
[Source "ChessBase"]
[SourceDate "2010.10.29"]
[SourceVersion "1"]
[SourceVersionDate "2010.10.29"]
[SourceQuality "1"]

1. e4 e6 2. d3 d5 3. Nd2 Nd7 4. Ngf3 c6 5. g3 g6 6. Bg2 Bg7 7. 0-0 Ne7 8. Re1 Qc7 9. c3 0-0 10. Qe2 b6 11. d4 dxe4 12. Nxe4 Nd5 13. c4 Ba6 14. Qc2 Ne7 15. Bf4 Qd8 16. Qa4 Bc8 17. Ne5 Nxe5 18. dxe5 Qc7 19. Nf6+ Kh8 20. Rad1 Rb8 21. Qc2 c5 22. Qd2 Nf5 23. Qc1 Nd4 24. Bh6 Bb7 25. Bxb7 Qxb7 26. Rxd4 cxd4 27. Bxg7+ Kxg7 28. Ng4 f5 29. exf6+ Kh8 30. Qf4 Qf7 31. Qxd4 Rbd8 32. Qe3 h5 33. Ne5 Qxf6 34. Qh6+ Kg8 35. Qxg6+ Qxg6 36. Nxg6 Rf6 37. Nf4 Rh6 38. Re2 h4 39. Kg2 Re8 40. b3 e5 41. Nd5 e4 42. h3 hxg3 43. fxg3 Kf7 44. g4 Re5 45. Kg3 Re8 46. Rf2+ Kg7 47. Re2 1/2-1/2